Право. Безопасность. Чрезвычайные ситуации. 2020, № 2 (47) (Запись № 12145809)

Подробности
000 -МАРКЕР
контрольное поле 01235nam2a2200205 4500
001 - ИДЕНТИФИКАТОР ЗАПИСИ
контрольное поле RU\NLR\PER_A\002909010_000950
005 - ИДЕНТИФИКАТОР ВЕРСИИ
контрольное поле 20250624045224.0
035 ## - ДРУГИЕ СИСТЕМНЫЕ НОМЕРА
Идентификатор записи (NLR Aleph) 012484065
100 ## - ДАННЫЕ ОБЩЕЙ ОБРАБОТКИ
Данные общей обработки 20210324d2020 |||y0rusy50 ca
101 0# - ЯЗЫК РЕСУРСА
Язык текста, звукозаписи и т.д. русский
102 ## - СТРАНА ПУБЛИКАЦИИ ИЛИ ПРОИЗВОДСТВА
Страна публикации Российская Федерация
200 0# - ЗАГЛАВИЕ И СВЕДЕНИЯ ОБ ОТВЕТСТВЕННОСТИ
Основное заглавие 2020, № 2 (47)
210 ## - ПУБЛИКАЦИЯ, РАСПРОСТРАНЕНИЕ И ДР.
Дата издания, распространения и т.д. 2020
Место издания, распространения и т.д. Б. м.
461 #0 - УРОВЕНЬ НАБОРА
Встроенное поле 001RU\NLR\Per\660034
-- 2001#$aПраво. Безопасность. Чрезвычайные ситуации$dLaw. Safety. Emergency situations$eнаучно-аналитический журнал$fС.-Петерб. ун-т гос. противопожар. службы$zeng$v2020, № 2 (47)
Системный номер (АБИС) связанной записи 3521386
Место публикации Санкт-Петербург
Дата публикации 2009 -
Первые сведения об ответственности С.-Петерб. ун-т гос. противопожар. службы
Параллельное заглавие Law. Safety. Emergency situations
Имя издателя, распространителя и т.д. Санкт-Петербургский университет государственной противопожарной службы МЧС России
Сведения, относящиеся к заглавию научно-аналитический журнал
Заглавие Право. Безопасность. Чрезвычайные ситуации
ISSN 2074-1626
Номер тома 2020, № 2 (47)
852 ## - МЕСТОНАХОЖДЕНИЕ И ШИФР ХРАНЕНИЯ
Идентификатор организации NLR
Шифр хранения (Call Number) П11/5630
942 ## - ДОПОЛНИТЕЛЬНЫЕ ЭЛЕМЕНТЫ ЗАПИСИ (АБИС)
Тип экземпляра АБИС Выпуск
980 ## - КОЛЛЕКЦИЯ
Название коллекции Национальная библиография
980 ## - КОЛЛЕКЦИЯ
Название коллекции Русская периодика

Нет доступных экземпляров.